000 00311nam a22001337a 4500
008 171005b xxu||||| |||| 00| 0 eng d
020 _a9780521368278
041 _aeng
080 _a159.9
100 _a49
101 _aPSI
245 _aHOBBES AND THE SOCIAL CONTRACT TRADITION
_cHAMPTON,J
942 _2udc
_cBK
999 _c32124
_d32124